| 000 | 00588nam a2200145 i 4500 | ||
|---|---|---|---|
| 001 | 183684 | ||
| 003 | ES-MaACL | ||
| 005 | 20230906221943.0 | ||
| 008 | 140923s1908 sp |||| | spa d | ||
| 245 | 0 | 0 | _aInforme del Círculo de la Unión Mercantil e Industrial de Madrid sobre los temas A B C para el Congreso Nacional Económico que ha de celebrarse en Zaragoza en 1908. |
| 260 |
_aMadrid : _b[s.n., _c1908?] ( _fImp. y Lit. de Policarpo Sáez) |
||
| 300 |
_a23 p. ; _c21 cm. |
||
| 710 | 2 |
_aCírculo de la Unión Mercantil e Industrial (Madrid) _92827 |
|
| 852 |
_aES-MaACL _jT-1376-F-2 |
||
| 999 |
_c183684 _d183684 |
||